<?xml version="1.0" encoding="UTF-8"?>
<record
    xmlns:xsi="http://www.w3.org/2001/XMLSchema-instance"
    xsi:schemaLocation="http://www.loc.gov/MARC21/slim http://www.loc.gov/standards/marcxml/schema/MARC21slim.xsd"
    xmlns="http://www.loc.gov/MARC21/slim">

  <leader>01965    a2200241   4500</leader>
  <controlfield tag="001">60741</controlfield>
  <controlfield tag="005">20260407155858.0</controlfield>
  <controlfield tag="008">260407a2025    arg                 spa d</controlfield>
  <controlfield tag="003">AR-UNSa-BCEJYS</controlfield>
  <datafield tag="040" ind1=" " ind2=" ">
    <subfield code="a">AR-UNSa-BCEJYS</subfield>
    <subfield code="b">spa</subfield>
    <subfield code="c">AR-UNSa-BCEJYS</subfield>
  </datafield>
  <datafield tag="080" ind1=" " ind2=" ">
    <subfield code="a">378</subfield>
    <subfield code="x">Ense&#xF1;anza superior. Universidades. Escuelas especiales</subfield>
  </datafield>
  <datafield tag="245" ind1="1" ind2="0">
    <subfield code="a">Educaci&#xF3;n superior en Am&#xE9;rica Latina</subfield>
    <subfield code="p">La dimensi&#xF3;n internacional</subfield>
  </datafield>
  <datafield tag="020" ind1=" " ind2=" ">
    <subfield code="a">978-958-97647-8-7</subfield>
  </datafield>
  <datafield tag="264" ind1=" " ind2="1">
    <subfield code="a">Washington :</subfield>
    <subfield code="b">Banco Mundial</subfield>
    <subfield code="c">2025</subfield>
  </datafield>
  <datafield tag="300" ind1=" " ind2=" ">
    <subfield code="a">380 p.</subfield>
    <subfield code="c">23 cm.</subfield>
  </datafield>
  <datafield tag="505" ind1=" " ind2=" ">
    <subfield code="a">1. Un modelo de internacionalizaci&#xF3;n: Respuesta a nuevas realidades y retos / Jane Knight - 2. Desaf&#xED;os regionales e internacionales para la educaci&#xF3;n superior en Am&#xE9;rica Latina / Lauritz B. Holm-Nielsen, Kristian Thorn, Jos&#xE9; Joaqu&#xED;n Brunner y Jorge Bal&#xE1;n &#x2013; 3. Internacionalizaci&#xF3;n de la educaci&#xF3;n superior en Argentina / Julio Cesar Theiler &#x2013; 4. Internacionalizaci&#xF3;n de la educaci&#xF3;n superior en Brasil / Sonia Pereira Laus y Marilia Costa Morosini &#x2013; 5. Internacionalizaci&#xF3;n de la educaci&#xF3;n superior en Chile / Carlos Ram&#xED;rez S&#xE1;nchez &#x2013; 6. Internacionalizaci&#xF3;n de la educaci&#xF3;n superior en Colombia / Isabel Cristina Jaramillo &#x2013; 7. Internacionalizaci&#xF3;n de la educaci&#xF3;n superior en Cuba / Ra&#xFA;l Hern&#xE1;ndez P&#xE9;rez &#x2013; 8. Internacionalizaci&#xF3;n de la educaci&#xF3;n superior en M&#xE9;xico / Jocelyne Gacel-&#xC1;vila &#x2013; 9. Internacionalizaci&#xF3;n de la educaci&#xF3;n superior en Per&#xFA; / Luis Jaime Castillo Butters, Leena Bernuy Quiroga y Pamela Lastres Dammert &#x2013; 10. Actores claves y programas: Mejores vinculaciones en la regi&#xF3;n / Isabel Cristina Jaramillo y Jane Knight &#x2013; 11. Al estilo lationoamericano: tendencias, problemas y direcciones / Jocelyne Gacel-&#xC1;vila, Isabel Cristina Jaramillo, Jane Knight y Hans de Wit</subfield>
  </datafield>
  <datafield tag="942" ind1=" " ind2=" ">
    <subfield code="c">BK</subfield>
  </datafield>
  <datafield tag="590" ind1=" " ind2=" ">
    <subfield code="a">niveau_biblio:m niveau_hierar:0</subfield>
  </datafield>
  <datafield tag="100" ind1="1" ind2=" ">
    <subfield code="a">De Wit, Hans</subfield>
  </datafield>
  <datafield tag="700" ind1="1" ind2=" ">
    <subfield code="a">Jaramillo, Isabel Cristina</subfield>
  </datafield>
  <datafield tag="700" ind1="1" ind2=" ">
    <subfield code="a">Gacel-&#xC1;vila, Jocelyne</subfield>
  </datafield>
  <datafield tag="700" ind1="1" ind2=" ">
    <subfield code="a">Knight, Jane</subfield>
  </datafield>
  <datafield tag="999" ind1=" " ind2=" ">
    <subfield code="c">7117</subfield>
    <subfield code="d">7117</subfield>
  </datafield>
  <datafield tag="952" ind1=" " ind2=" ">
    <subfield code="0">0</subfield>
    <subfield code="1">0</subfield>
    <subfield code="4">0</subfield>
    <subfield code="7">0</subfield>
    <subfield code="a">BCEJYS</subfield>
    <subfield code="b">BCEJYS</subfield>
    <subfield code="c">16</subfield>
    <subfield code="d">2026-04-07</subfield>
    <subfield code="l">0</subfield>
    <subfield code="o">378 E24</subfield>
    <subfield code="p">L116199</subfield>
    <subfield code="r">2026-04-07 15:58:58</subfield>
    <subfield code="w">2026-04-07</subfield>
    <subfield code="y">L</subfield>
  </datafield>
</record>
